Discussion paper. (Record no. 1702)

MARC details
000 -LEADER
fixed length control field 01363cas a2200397 a 4500
001 - CONTROL NUMBER
control field data
005 - DATE AND TIME OF LATEST TRANSACTION
control field 20260322212113.0
008 - FIXED-LENGTH DATA ELEMENTS--GENERAL INFORMATION
fixed length control field data
035 ## - SYSTEM CONTROL NUMBER
System control number 11466620
010 ## - LIBRARY OF CONGRESS CONTROL NUMBER
LC control number 96642500
035 ## - SYSTEM CONTROL NUMBER
System control number (OCoLC)18511431
040 ## - CATALOGING SOURCE
Original cataloging agency NDD
Language of cataloging eng
Transcribing agency NDD
Modifying agency OCLCQ
-- OCLCQ
-- OCLCF
-- OCLCO
-- OCLCQ
042 ## - AUTHENTICATION CODE
Authentication code pcc
050 00 - LIBRARY OF CONGRESS CALL NUMBER
Classification number HB1
Item number .D573
130 0# - MAIN ENTRY--UNIFORM TITLE
Uniform title Discussion paper (Universiṭat Bar-Ilan. Makhon le-meḥḳar kalkali)
245 10 - TITLE STATEMENT
Title Discussion paper.
260 ## - PUBLICATION, DISTRIBUTION, ETC.
Place of publication, distribution, etc. Ramat Gan, Israel :
Name of publisher, distributor, etc. Dept. of Economics, Economic Research Institute, Bar-Ilan University
300 ## - PHYSICAL DESCRIPTION
Extent v. ;
Dimensions 28 cm.
310 ## - CURRENT PUBLICATION FREQUENCY
Current publication frequency Irregular
336 ## - CONTENT TYPE
Content type term text
Content type code txt
Source rdacontent
337 ## - MEDIA TYPE
Media type term unmediated
Media type code n
Source rdamedia
338 ## - CARRIER TYPE
Carrier type term volume
Carrier type code nc
Source rdacarrier
500 ## - GENERAL NOTE
General note Separately classified in LC before 8407.
Institution to which field applies DLC
588 ## - SOURCE OF DESCRIPTION NOTE
Source of description note Description based on: 8406, published in 1984.
588 ## - SOURCE OF DESCRIPTION NOTE
Source of description note Latest issue consulted: 9412, published in 1994.
650 #0 - SUBJECT ADDED ENTRY--TOPICAL TERM
Topical term or geographic name entry element Economics.
650 #0 - SUBJECT ADDED ENTRY--TOPICAL TERM
Topical term or geographic name entry element Managerial economics.
650 #7 - SUBJECT ADDED ENTRY--TOPICAL TERM
Topical term or geographic name entry element Economics.
Source of heading or term fast
Authority record control number or standard number (OCoLC)fst00902116
650 #7 - SUBJECT ADDED ENTRY--TOPICAL TERM
Topical term or geographic name entry element Managerial economics.
Source of heading or term fast
Authority record control number or standard number (OCoLC)fst01007340
710 2# - ADDED ENTRY--CORPORATE NAME
Corporate name or jurisdiction name as entry element Universiṭat Bar-Ilan.
Subordinate unit Makhon le-meḥḳar kalkali.
906 ## - LOCAL DATA ELEMENT F, LDF (RLIN)
a 7
b cbc
c serials
d u
e ncip
f 19
g n-oclcserc
991 ## -
-- c-GenColl
-- HB1
-- .D573
-- SERIALS
Holdings
Withdrawn status Lost status Damaged status Not for loan Home library Current library Shelving location Date acquired Total checkouts Full call number Barcode Date last seen Price effective from Koha item type
        Springfield Springfield General stacks 22/03/2026   HB1 LOC-SPL-00045 22/03/2026 22/03/2026 Books